Văn bản hướng dẫn thi hành pháp lệnh dân quân tự vệ

Giới thiệu các văn bản pháp luật qui định việc đăng kí tuyển chọn, tổ chức hoạt động và các chế chộ chính sách đối với lực lượng dân quân tự vệ trong từng mặt cụ thể.

Đã lưu trong:
书目详细资料
格式: 图书
语言:Undetermined
出版: Hà Nội Chính trị Quốc gia 2005
主题:
标签: 添加标签
没有标签, 成为第一个标记此记录!
Thư viện lưu trữ: Trung tâm Học liệu Trường Đại học Cần Thơ
LEADER 00872nam a2200181Ia 4500
001 CTU_115534
008 210402s9999 xx 000 0 und d
082 |a 355.009597 
082 |b V115 
245 0 |a Văn bản hướng dẫn thi hành pháp lệnh dân quân tự vệ 
260 |a Hà Nội 
260 |b Chính trị Quốc gia 
260 |c 2005 
520 |a Giới thiệu các văn bản pháp luật qui định việc đăng kí tuyển chọn, tổ chức hoạt động và các chế chộ chính sách đối với lực lượng dân quân tự vệ trong từng mặt cụ thể. 
650 |a Military art and science 
650 |z Vietnam 
904 |i Giang (Chuyển số PL 355.597 thành 355.009597, Tuyến 
980 |a Trung tâm Học liệu Trường Đại học Cần Thơ